000 00590nam a2200229Ia 4500
001 12165
003 GE_BSU
008 181216s||||||||xx |||||||||||||| ||und||
020 _a9780895828026
040 _cGE_BSU
080 _a59(084.4)
100 _aVan de Graaff Kent M. John L. Crawley
245 _aZoology Laboratory. A Photographic Atlas for the
250 _a6th Edition
260 _aEndewood
260 _bMorton Publishing Company
260 _c2009
300 _a214p.Ill.28cm.
541 _h191Gel.
653 _aA Photographic Atlas for the Zoology Lab
942 _cBK
999 _c45341
_d45341